00546cam a22001812 4500001001100000005001700011008004100028020001700069040001500086245009500101250001300196260003900209300001600248650003100264700003100295700003500326852000300361000002059920151217155229.0110927s xx 000 0 eng d a0073397535 : aKABUcKABU10aAnnual editions Child growth and development /cEllen N. Junn, Chris J. Boyatzis, editors. a15th ed. aBoston :bHigher education,c2008. axvi, 206 p. 0aChild rearing.@00001529631 aJunn, Ellen N.@00001810311 aBoyatzis, Chris J.@00001810321